|
|
|
|
| LEADER |
00000cjm a2200000 a 4500 |
| 001 |
vtls010187166 |
| 003 |
SK-MaSNL |
| 005 |
20260331205704.0 |
| 007 |
sd fungnnmmned |
| 008 |
101109p2010 xr rcnn n eng |
| 028 |
0 |
1 |
|a 8869745570222
|b Sony Music Entertainment
|
| 040 |
|
|
|a SNK
|b slo
|c SNK
|e AACR2
|
| 041 |
0 |
|
|d eng
|
| 044 |
|
|
|a xr
|c CZ
|
| 072 |
|
7 |
|a 784
|x Vokálna hudba
|2 konspekt
|
| 080 |
|
|
|a 784.4
|2 2001
|
| 080 |
|
|
|a 78.036
|2 2001
|
| 080 |
|
|
|a (086.76)
|2 2001
|
| 100 |
1 |
|
|a Cooper, Alice,
|d 1948-
|4 sng
|4 itr
|4 cmp
|4 lyr
|9 198784
|
| 245 |
1 |
0 |
|a Dirty diamonds
|h zvukový záznam
|c Alice Cooper
|
| 260 |
|
|
|a Praha
|b Sony Music Entertainment Czech Republic
|c 2010
|
| 300 |
|
|
|a 1 zvuková platňa
|b digitál.
|c 12 cm
|
| 500 |
|
|
|a Kompaktná platňa
|
| 500 |
|
|
|a Na disku dátum výroby 2009
|
| 500 |
|
|
|a Fonogram p2005 Spitfire Records
|
| 500 |
|
|
|a Príloha denníka Nový Čas
|
| 505 |
0 |
0 |
|t Woman of mass distraction --
|t Perfect --
|t You make me wanna --
|t Dirty diamonds --
|t The saga of Jesse Jane --
|t Sunset babies (all got rabies) --
|t Pretty ballerina --
|t Run down the devil --
|t Steal that car --
|t Six hours --
|t Your own worst enemy --
|t Zombie dance --
|t Stand
|
| 508 |
|
|
|a Piesne napísal Alice Cooper a ďalší
|
| 511 |
0 |
|
|a Alice Cooper, spev, harmonika
|
| 650 |
0 |
7 |
|a rock
|2 SNKPH
|9 3179
|
| 650 |
0 |
7 |
|a heavy metal
|2 SNKPH
|9 93398
|
| 650 |
0 |
7 |
|a populárne piesne
|2 SNKPH
|9 3446
|
| 655 |
|
7 |
|a kompaktné platne
|2 SNKPH
|9 70690
|
| 852 |
|
|
|a Štátna vedecká knižnica v Banskej Bystrici
|
| 999 |
|
|
|c 950674
|d 952604
|
| 952 |
|
|
|a SNK
|b SNK
|y PREZ
|7 0
|p 17A1066811
|o snkICD 1059
|i snk2013/7709
|8 1
|0 0
|1 0
|4 0
|d 2013-04-05
|l 0
|r 2026-02-24 09:47:13
|w 2026-02-24
|
| 952 |
|
|
|a SNK
|b SNK
|y PREZ
|7 0
|p 17A1066810
|o snkICD 1059 D1
|i snk2013/7710
|8 1
|0 0
|1 1
|4 0
|d 2013-04-05
|l 0
|r 2026-02-24 09:47:13
|w 2026-02-24
|